00442nam a2200169Ia 450000500170000000800410001702000220005804100120008008200140009210000170010624500340012325000080015726000460016550000080021165000320021970000210025120240823053202.0240823s9999||||xx |||||||||||||| ||und|| a978-1-25-906481-4 aENGLISH A658.15 Q3 aLeland Blank 0aBasics of Engineering Economy a1st c2013bMcGraw - Hill Higher EducaNew York aYES aEconomybManagement Studies a Anthony Tarquin